000 00545nam a22001817a 4500
005 20170712111944.0
010 _aENG-112197
020 _a9789350099384
_c599.00
035 _aEN-95729
037 _aDBAD/PUB
082 _a954.05
100 _aKhare, Harish
245 _aHow Modi won it :
_cby Harish Khare
_bnotes from the 2014 election /
260 _aGurgaon
_bHachette Book Publishing
_c2014
270 _a4th & 5th Floor, Corporate Centre, Plot No.94, Sector -44
_bGurgaon
_e122003
300 _a242p.
_c23cm(Hb)
942 _2ddc
_cEN
_mKHA
999 _c91511
_d91511